Les Jeux les plus joués par la Team du Lundi (Twitch) - Statistiques

Statistiques générales
  • Ce quiz a été pris 100 fois
    67 depuis la dernière actualisation
  • Le résultat moyen est 9 sur 38
Statistiques - réponses
Nombre de fois joués Jeux % Correct
43 Worms W.M.D
85%
5 Minecraft
72%
10 Lethal Company
59%
4 Mario Kart 8 Deluxe
54%
11 Golf Gang
48%
12 Pummel Party
41%
6 Valorant
39%
6 PUBG: Battlegrounds
38%
7 Skribbl.io
38%
10 Kculture
34%
8 Codenames
33%
2 Gartic Phone
33%
7 First Class Trouble
31%
2 League of Legends
31%
2 Lycans
30%
2 Fall Guys
25%
6 MicroWorks
20%
2 Overwatch 2
20%
7 Propnight
18%
2 Oh Deer
15%
2 Party Animals
15%
3 Super Mario Party Jamboree
15%
3 Void Crew
15%
4 In Silence
13%
4 Sea of Thieves
13%
4 Ultimate Chicken Horse
13%
2 You Suck at Parking
13%
2 Feather Party
11%
3 Mario Party Superstars
11%
5 GeoGuessr
10%
4 UNO
10%
3 Tricky Towers
8%
2 Fling to the Finish
7%
2 Liar's Bar
7%
2 Witch It
7%
2 Dale & Dawson Stationery Supplies
5%
3 Ghostbusters: Spirits Unleashed
3%
2 TaleSpire (RPG)
2%
Aucun quiz correspondant
Distribution des résultats
% des personnes avec chaque résultat
Percentile par nombre de réponses
Votre historique - résultats
Vous n’avez pas pris ce quiz depuis la dernière actualisation